000 00765nam a2200229 i 4500
001 13095
003 ES-MaACL
005 20230906150505.0
007 t|
008 971126s1995 xxk |||| | spa d
020 _a0-521-47835-9
080 _a821.134.2.09"18"
100 1 _aFlitter, Derek.
_951224
245 1 0 _aTeoría y crítica del romanticismo español /
_cDerek Flitter ; traducción de Benigno Fernández Salgado.
250 _a1ª ed. en español.
260 _aCambridge :
_bUniversity Press,
_c1995.
300 _aXV, 321 p. ;
_c22 cm.
650 4 _aRomanticismo (Literatura)-
_zEspaña.
_9151161
650 4 _aLiteratura española-
_xInfluencia extranjera.
_9151162
700 1 _aFernández Salgado, Benigno.
_950062
852 4 _aES-MaACL
_jL-20375
999 _c13095
_d13095